| 000 | 00558nam a22001697a 4500 | ||
|---|---|---|---|
| 005 | 20251108165344.0 | ||
| 008 | 250721s1950 xx 000 0 ara d | ||
| 082 | 1 | 4 | _a961.205/جام |
| 245 | 1 | 0 | _aالمسألة الليبية / |
| 264 | 1 |
_aالقاهرة : _bجامعة الدول العربية - الإدارة السياسية، _c1950. |
|
| 300 | _a54ص | ||
| 650 | 1 | 7 | _aتاريخ ليبيا |
| 650 | 1 | 7 | _aالإستقلال |
| 710 | 2 | _aجامعة الدول العربية . الإدارة السياسية | |
| 942 |
_2ddc _cBK |
||
| 999 |
_c25879 _d25879 |
||